<?xml version="1.0" encoding="UTF-8"?>
<record
    xmlns:xsi="http://www.w3.org/2001/XMLSchema-instance"
    xsi:schemaLocation="http://www.loc.gov/MARC21/slim http://www.loc.gov/standards/marcxml/schema/MARC21slim.xsd"
    xmlns="http://www.loc.gov/MARC21/slim">

  <leader>01226nas0a22003251i 4500</leader>
  <controlfield tag="001">RU\NLR\DRGNLR\1621</controlfield>
  <controlfield tag="005">20240725031019.0</controlfield>
  <datafield tag="035" ind1=" " ind2=" ">
    <subfield code="a">(NLR Aleph) 010310192</subfield>
  </datafield>
  <datafield tag="090" ind1=" " ind2=" ">
    <subfield code="a">10634399</subfield>
    <subfield code="c">10634399</subfield>
  </datafield>
  <datafield tag="100" ind1=" " ind2=" ">
    <subfield code="a">20080514b1913    u  y0rusy50      ca</subfield>
  </datafield>
  <datafield tag="101" ind1="0" ind2=" ">
    <subfield code="a">rus</subfield>
  </datafield>
  <datafield tag="102" ind1=" " ind2=" ">
    <subfield code="a">RU</subfield>
  </datafield>
  <datafield tag="110" ind1=" " ind2=" ">
    <subfield code="a">cya||||||||</subfield>
  </datafield>
  <datafield tag="200" ind1="1" ind2=" ">
    <subfield code="a">&#x417;&#x430;&#x440;&#x44F; &#x423;&#x440;&#x430;&#x43B;&#x430;</subfield>
    <subfield code="e">&#x413;&#x430;&#x437;. &#x43E;&#x431;&#x449;&#x435;&#x441;&#x442;&#x432;., &#x43B;&#x438;&#x442;., &#x43F;&#x43E;&#x43B;&#x438;&#x442;. &#x438; &#x44D;&#x43A;&#x43E;&#x43D;.</subfield>
    <subfield code="f">&#x420;&#x435;&#x434;.-&#x438;&#x437;&#x434;. &#x41C;.&#x410;.&#x411;&#x440;&#x435;&#x441;&#x43B;&#x438;&#x43D;</subfield>
  </datafield>
  <datafield tag="210" ind1=" " ind2=" ">
    <subfield code="a">&#x427;&#x435;&#x43B;&#x44F;&#x431;&#x438;&#x43D;&#x441;&#x43A;</subfield>
    <subfield code="d">1913, 30 &#x430;&#x432;&#x433; - [?]</subfield>
  </datafield>
  <datafield tag="300" ind1=" " ind2=" ">
    <subfield code="a">&#x421; 14 &#x441;&#x435;&#x43D;&#x442;. 1914 &#x432;&#x44B;&#x445;&#x43E;&#x434;&#x438;&#x43B;&#x430; 2 &#x440;&#x430;&#x437;&#x430; &#x432; &#x434;&#x435;&#x43D;&#x44C;</subfield>
  </datafield>
  <datafield tag="540" ind1="1" ind2=" ">
    <subfield code="a">&#x417;&#x430;&#x440;&#x44F; &#x423;&#x440;&#x430;&#x43B;&#x430;</subfield>
  </datafield>
  <datafield tag="702" ind1=" " ind2="1">
    <subfield code="a">&#x411;&#x440;&#x435;&#x441;&#x43B;&#x438;&#x43D;</subfield>
    <subfield code="b">&#x41C;&#x430;&#x442;&#x443;&#x441; &#x410;&#x432;&#x440;&#x443;&#x43C;.</subfield>
    <subfield code="4">340</subfield>
  </datafield>
  <datafield tag="801" ind1=" " ind2="0">
    <subfield code="a">RU</subfield>
    <subfield code="b">NLR</subfield>
    <subfield code="c">20080514</subfield>
    <subfield code="g">PSBO</subfield>
    <subfield code="2">gzdor_isis</subfield>
  </datafield>
  <datafield tag="801" ind1=" " ind2="2">
    <subfield code="a">RU</subfield>
    <subfield code="b">NLR</subfield>
    <subfield code="c">20080514</subfield>
    <subfield code="g">PSBO</subfield>
    <subfield code="2">rusmarc</subfield>
  </datafield>
  <datafield tag="852" ind1=" " ind2=" ">
    <subfield code="a">NLR</subfield>
    <subfield code="j">1-&#x420;/1-1042</subfield>
  </datafield>
  <datafield tag="942" ind1=" " ind2=" ">
    <subfield code="c">NEWSPAPER</subfield>
  </datafield>
  <datafield tag="980" ind1=" " ind2=" ">
    <subfield code="a">DRG</subfield>
  </datafield>
</record>
